000 00411cam a2200169ua 4500
020 _c6.80
041 _aeng
_h
082 _a372.6521
_bFRI/TE
100 _aFrishy, A W .
245 _aTeaching English /
_cA W Frishy.
_hTextual Documents
260 _aLondon :
_bEnglish Language Book Society ,
_c1964.
300 _a352 ; .
365 _a6.80
504 _a
942 _cBK
999 _c10960
_d10960